000 00364nam a22001457a 4500
999 _c197562
_d197562
008 230824b ||||| |||| 00| 0 eng d
082 _a485-ENG
100 _a-
245 _aEnglish Grammar Translation
_hEnglish
260 _aDelhi
_bA.I.C.B.
_cRohini
270 _aA.I.C.B. Rohini, Delhi
300 _a12x13
490 _v1-3
942 _2ddc
_cBRLEN
_k485
_mENG